Understanding Economics Today

Na minha lista:
Detalhes bibliográficos
Autor principal: Walton, Gary M.
Outros Autores: Wykoff, Frank C.
Formato: Livro
Idioma:inglês
Publicado em: Homewood Irwin 1989
Edição:2. ed.
Assuntos:
Tags: Adicionar Tag
Sem tags, seja o primeiro a adicionar uma tag!

MARC

LEADER 00000nam a2200000 4500
001 c000331
005 20221215114557.9
020 |a 0-256-06799-6 
041 0 |a eng 
044 |a US 
245 1 0 |a Understanding Economics Today  |c Gary M. Walton, Frank C. Wykoff 
250 |a 2. ed. 
264 1 |a Homewood  |b Irwin  |c 1989 
300 |a 410 s. 
610 2 0 |a mikroekonomika 
610 2 0 |a zákony ekonomické 
610 2 0 |a výroba 
610 2 0 |a konkurencia 
610 2 0 |a mzdy 
610 2 0 |a makroekonomika 
610 2 0 |a inflácia 
610 2 0 |a nezamestnanosť 
610 2 0 |a peniaze 
610 2 0 |a intervencionizmus štátny 
610 2 0 |a obchod medzinárodný 
610 2 0 |a kurz menový 
610 2 0 |a bilancia platobná 
100 1 |a Walton, Gary M. 
700 1 |a Wykoff, Frank C.